| 000 | 00682nam a2200157 a 4500 | ||
|---|---|---|---|
| 008 | 120416s0000 ||||||||||||||||| || u | ||
| 020 | _a1557751188 | ||
| 050 | _aHJ 1620 Fis | ||
| 100 | _aTanzi, Vito | ||
| 245 | 1 | 0 |
_aFiscal policy in open developing economies _cedited by Vito Tanzi |
| 260 |
_aWashington, D. C. _bIMF _c1990 |
||
| 300 | _avii, 229p. : ill. | ||
| 350 | _a0.00 | ||
| 995 |
_aANNEX COLLECTION (Main Library) _D0.00 _e008345 _FCBU-MAIN LIBRARY (Kitwe) _H2 _I60.00 _jHJ 1620 Fis _UAVAILABLE _y008345 _ZAnnex Low-Usage Collection |
||
| 995 |
_aSPECIAL COLLECTIONS _D0.00 _e024418 _FCBU-MAIN LIBRARY (Kitwe) _H1 _I60.00 _jIMF(02)1990/ 12 _UAVAILABLE _y024418 _ZAnnex Low-Usage Collection |
||
| 999 |
_c63161 _d63161 |
||